000 00693cam a2200241ua 4500
001 3342
005 20260515113650.0
008 111017n ii |||gr||||Z||||||eng
020 _a81-237-0917-X
040 _cMAIN
082 _a920
100 1 _aKothare, A N.,
_eAuthor.
245 1 1 _aOf science and scientists :
_ban anthology of anecdedotes /
_cby A. N. Kothare
250 _a2nd.
260 _aNew Delhi:
_bNational book trust,
_c2005.
300 _a232p:
_c23cm.
653 _aBiography
653 _aBiography of Of science and scientists
700 _aPalsule, Sudhanshu S.,
_eAuthor.
700 _aParekh, S. M.,
_eauthor.
700 _aNavalkar, M. P.,
_eAuthor.
942 _cBK
999 _c3185
_d3185